000 01130nam a22002777a 4500
003 DO-SdBNP
005 20260522101321.0
007 ta
008 210824b2018 a|||| |||| 00| 0 spa
020 _a978-1-61790-127-0
040 _aDO-SdBNP
_bspa
_cBNPHU
082 4 _222
_a864.5
_bC737
245 0 1 _aCompendio experimental sobre comunicación política electoral y sus vinculos con la psicología /
_cRoberto Rímoli, Carlos Báez Eversz, Kenia R. Del Orbe Ayala [et.al.]
260 _aMiami, FL :
_bSV. Graphic,
_c2018.
300 _a316 p. :
_bil.; fot.
_c21 cm
500 _aEl libro está compuesto por 17 capítulos.
500 _aIncluye referencias bibliográficas al final de cada capítulo.
590 _aInventariado, 2021 / SA
650 0 _aComunicación en psicología
_945934
650 4 _91659
_aComunicación
_xAspecto Sociales
650 4 _910023
_aComunicación
_vPolítica
700 _926602
_aRímoli, Roberto
_eEditor : Selección, introducción y edición
700 1 _aRojas Osorio, Carlos
_d1946-
_ePrólogo
_eProf. emeritus, Universidad de Pueto Rico
_9808
910 _aSaquino
942 _2ddc
_cLBS1
999 _c50264
_d50264